| 000 | 01222nam a22001817a 4500 | ||
|---|---|---|---|
| 999 |
_c64135 _d64135 |
||
| 003 | Ge_BSU | ||
| 005 | 20260415115037.0 | ||
| 008 | 260415s1973 ge ||||| |||| 00| 0 geo d | ||
| 041 | _ageo | ||
| 080 | _a338.45 : 658.5 : 005.93 წ-21 | ||
| 245 |
_aწარმოების ეკონომიკისა და მართვის საფუძვლები : _bმრეწველობისა და სხვა დარგების საწარმოთა ქვედანაყოფების ხელმძღვანელებისა და სპეციალისტების დამხმ. სახელმძღვ / _c[სახელმძღვ. შეადგინა ავტორთა კოლექტივმა] ი.ი. სიგოვის რედაქციით. |
||
| 264 |
_aთბილისი : _bსაბჭ. საქართველო, _c1973. |
||
| 300 |
_a526 გვ. ; _b21 სმ. |
||
| 490 | _aეკონომ. განათლ. სისტემა | ||
| 653 | _aწარმოების ეკონომიკა | ||
| 653 | _aწარმოების მართვა | ||
| 942 |
_2udc _cᲬᲘᲒᲜᲘ |
||